000 01675cam a2200397 a 4500
001 EDZ0000018981
003 StDuBDS
005 20161031105121.0
006 m||||||||d||||||||
007 cr |||||||||||
008 110107s2004 cau fo 001|0|eng|d
020 _a9781412950596 (ebook) :
_cNo price
040 _aStDuBDS
_beng
_cStDuBDS
_epn
049 _aAlfaisal Main Library
050 4 _aLC5211
082 0 4 _a374.003
_222
245 0 0 _aEncyclopedia of distributed learning
_h[electronic resource] /
_ceditors, Anna DiStefano, Kjell Erik Rudestam, Robert J. Silverman.
260 _aThousand Oaks, Calif. ;
_aLondon :
_bSAGE,
_cc2004.
300 _a1 online resource (xxvi, 549 p.)
500 _a"A SAGE reference publication."
520 8 _aThe 'Encyclopedia of Distributed Learning' defines and applies the best practices of contemporary continuing education designed for adults in corporate settings, Open University settings graduate coursework and in similar learning environments.
521 _aSpecialized.
588 _aDescription based on print version record.
504 _aIncludes bibliographical references and index.
650 0 _aContinuing education
_vEncyclopedias.
650 0 _aDistance education
_vEncyclopedias.
650 0 _aAdult learning
_vEncyclopedias.
655 7 _aElectronic books.
_2local
700 1 _aDiStefano, Anna.
700 1 _aRudestam, Kjell Erik.
700 1 _aSilverman, Robert J.
_q(Robert Jay),
_d1940-
710 2 _aSage eBooks
776 0 8 _iPrint version :
_z9780761924517
856 4 0 _uhttp://ezproxy.alfaisal.edu/login?url=http://sk.sagepub.com/reference/distributedlearning
942 _2lcc
_cEBOOKS
999 _c479666
_d479666